| 000 | 01093nam0a22002411i 4500 | ||
|---|---|---|---|
| 001 | rc\3481570 | ||
| 005 | 20240726081946.0 | ||
| 021 |
_aRU _b[71-18533а] |
||
| 035 | _a(NLR Aleph) 007602090 | ||
| 090 |
_a5725414 _c5725414 |
||
| 100 | _a20130115d1971 |||y0rusy50 ca | ||
| 101 | 0 | _arus | |
| 102 | _aRU | ||
| 105 | _ay d ||||| | ||
| 200 | 1 |
_aИсследование вопросов совершенствования цен на энергетические угли _e(На примере Подмосковного бассейна) _eАвтореф. дис. на соискание учен. степени канд. экон. наук _e(598) _fЦентр. науч.-исслед. ин-т экономики и науч.-техн. информации угольной пром-сти |
|
| 210 |
_aМосква _d1971 |
||
| 215 |
_a24 с. _cграф. |
||
| 320 | _aСписок работ авт.: с. 24 (5 назв.) | ||
| 700 | 1 |
_aНизкер _bМ.Я. _gМихаил Яковлевич |
|
| 801 | 0 |
_aRU _bNLR _gpsbo |
|
| 801 | 1 |
_aRU _bELAR _2rusmarc |
|
| 852 |
_aNLR _j72-4/4735 |
||
| 942 | _cBOOK | ||